书目信息 |
| 题名: |
非金属导电功能材料
|
|
| 作者: | 李福燊 编著 | |
| 分册: | ||
| 出版信息: | 北京 化学工业出版社 2007 |
|
| 页数: | 361页 | |
| 开本: | 21cm | |
| 丛书名: | ||
| 单 册: | ||
| 中图分类: | TM242 | |
| 科图分类: | ||
| 主题词: | 非金属材料--导电材料--功能材料 , 非金属材料 , 导电材料 , 功能材料 | |
| 电子资源: | ||
| ISBN: | 978-7-5025-9587-6 | |
| 000 | 00866nam0 2200277 450 | |
| 001 | 003381647 | |
| 005 | 20080229102105.39 | |
| 010 | @a978-7-5025-9587-6@dCNY32.00 | |
| 035 | @a003381647 | |
| 100 | @a20070228d2007 em y0chiy0110 ea | |
| 101 | 0 | @achi |
| 102 | @aCN@b110000 | |
| 105 | @aa z 000yy | |
| 106 | @ar | |
| 200 | 1 | @a非金属导电功能材料@Afei jin shu dao dian gong neng cai liao@f李福燊[等]编著 |
| 210 | @a北京@c化学工业出版社@d2007 | |
| 215 | @a361页@c图@d21cm | |
| 330 | @a本书全面系统地介绍了导电陶瓷、固体电解质、混合导体、超导体陶瓷和导电高分子材料的制备、应用以及最新的研究成果和今后的发展。 | |
| 606 | 0 | @a非金属材料@x导电材料@x功能材料 |
| 606 | 0 | @a非金属材料 |
| 606 | 0 | @a导电材料 |
| 606 | 0 | @a功能材料 |
| 690 | @aTM242@v4 | |
| 701 | 0 | @a李福燊@Ali fu shen@f(1940.2~)@4编著 |
| 801 | 0 | @aCN@bNLC@c20080229 |
| 905 | @dTM242@e17@f4 | |
| 非金属导电功能材料/李福燊[等]编著.-北京:化学工业出版社,2007 |
| 361页:图;21cm |
| ISBN 978-7-5025-9587-6:CNY32.00 |
| 本书全面系统地介绍了导电陶瓷、固体电解质、混合导体、超导体陶瓷和导电高分子材料的制备、应用以及最新的研究成果和今后的发展。 |
| ● |
| 相关链接 |
|
|
|
|
正题名:非金属导电功能材料
索取号:TM242/17
 
预约/预借
| 序号 | 登录号 | 条形码 | 馆藏地/架位号 | 状态 | 备注 |
| 1 | 0614866 | 206148667 | 第二样本阅览室/ [索取号:TM242/17] | 在馆 | |
| 2 | 0614867 | 206148676 | 第三借阅区/ [索取号:TM242/17] | 在馆 | |
| 3 | 0614868 | 206148685 | 第三借阅区/ [索取号:TM242/17] | 在馆 | |
| 4 | 0614869 | 206148694 | 第三借阅区/ [索取号:TM242/17] | 在馆 |